[Event "Individual Absoluto FMA 2010 Fase Final"]
[Site "Madrid"]
[Date "2010.02.26"]
[Round "4.3"]
[White "Anton Guijarro, David"]
[Black "Elissalt Cardenas, Hector"]
[Result "1/2-1/2"]
[WhiteElo "2302"]
[BlackElo "2357"]
[PlyCount "67"]
[EventDate "2010.02.23"]
[EventType "tourn"]
[EventRounds "11"]
[EventCountry "ESP"]
[EventCategory "3"]
[SourceDate "2010.02.24"]

1. Nf3 e6 2. g3 b6 3. Bg2 Bb7 4. d3 d5 5. O-O c5 6. e4 Bd6 7. Nc3 Ne7 8. e5 Bc7
9. Nb5 Nbc6 10. Nxc7+ Qxc7 11. Re1 h6 12. h4 d4 13. Nd2 Na5 14. Ne4 Bxe4 15.
Rxe4 Nac6 16. c4 Rb8 17. Bh3 h5 18. Bg5 Ng6 19. f4 Nge7 20. Qf3 Nf5 21. Bxf5
exf5 22. Re2 Nb4 23. Rd2 Qc6 24. Qf1 Na6 25. Qh3 Qe6 26. Qg2 O-O 27. Qf3 g6 28.
Bf6 Rfc8 29. Rc1 Qc6 30. Qxc6 Rxc6 31. Be7 Nc7 32. Bd6 Rb7 33. Bxc7 Rcxc7 34.
Kf2 1/2-1/2

[Event "Individual Absoluto FMA 2010 Fase Final"]
[Site "Madrid"]
[Date "2010.02.26"]
[Round "4.4"]
[White "Almagro Llanas, Pablo"]
[Black "Sanchez Gonzalez, Sergio"]
[Result "0-1"]
[WhiteElo "2459"]
[BlackElo "2322"]
[PlyCount "134"]
[EventDate "2010.02.23"]
[EventType "tourn"]
[EventRounds "11"]
[EventCountry "ESP"]
[EventCategory "3"]
[SourceDate "2010.02.24"]

1. e4 c5 2. Nf3 d6 3. d4 Nf6 4. Nc3 cxd4 5. Nxd4 e6 6. Be3 a6 7. f3 b5 8. Qd2
Bb7 9. g4 Nfd7 10. O-O-O Nb6 11. Qf2 N8d7 12. Bd3 Rc8 13. Nce2 Be7 14. h4 d5
15. Nf4 Nc5 16. Kb1 Qc7 17. e5 Nba4 18. Bc1 g6 19. g5 Qxe5 20. h5 Bxg5 21. Nxg6
hxg6 22. f4 Qf6 23. hxg6 Rxh1 24. Rxh1 Nxd3 25. cxd3 Qxg6 26. fxg5 Nc5 27. Rh8+
Kd7 28. Rxc8 Bxc8 29. Qc2 Qxd3 30. b4 Qxc2+ 31. Kxc2 Ne4 32. Bf4 Bb7 33. Kd3
Ke7 34. Nf3 f6 35. gxf6+ Kxf6 36. Kd4 Kf5 37. Bc7 Kg4 38. Ne5+ Kh3 39. Nd3 Bc8
40. Nc5 Nd2 41. Nd3 Kg2 42. Kc5 Nc4 43. Ne5 Kf2 44. Kd4 Ke2 45. Nd3 Kd2 46. Nc5
Kc2 47. a4 bxa4 48. Nxa4 Kb3 49. Nc3 Kxb4 50. Nxd5+ exd5 51. Kxd5 Kb5 52. Kd4
a5 53. Kc3 a4 54. Bd8 Bg4 55. Be7 a3 56. Kc2 a2 57. Bf6 Kb4 58. Bb2 Bf5+ 59.
Kc1 Kb3 60. Bd4 Bc2 61. Ba1 Na5 62. Bc3 Nb7 63. Ba1 Nc5 64. Kd2 Bb1 65. Kc1 Kc4
66. Bh8 Nb3+ 67. Kd1 Nd4 0-1

[Event "Individual Absoluto FMA 2010 Fase Final"]
[Site "Madrid"]
[Date "2010.02.26"]
[Round "4.5"]
[White "Ramirez Garcia, Jorge Alberto"]
[Black "Ballesteros Gonzalez, David"]
[Result "1-0"]
[WhiteElo "2175"]
[BlackElo "2227"]
[PlyCount "85"]
[EventDate "2010.02.23"]
[EventType "tourn"]
[EventRounds "11"]
[EventCountry "ESP"]
[EventCategory "3"]
[SourceDate "2010.02.24"]

1. e4 g6 2. d4 Bg7 3. Nc3 c6 4. Be3 d5 5. f3 dxe4 6. fxe4 Nf6 7. Nf3 O-O 8. h3
Qb6 9. Qc1 Nbd7 10. Bd3 Nh5 11. g4 Nhf6 12. O-O h5 13. e5 Nd5 14. Nxd5 cxd5 15.
gxh5 gxh5 16. Nh4 Nxe5 17. dxe5 d4 18. Bf4 Bxh3 19. Rf2 Qe6 20. Qd1 Bg4 21. Qe1
f5 22. Qb4 Kh7 23. Qxd4 Rfd8 24. Qc4 Qxc4 25. Bxc4 Rd4 26. Be6 Rf8 27. Re1 Bh6
28. Bxh6 Kxh6 29. Nxf5+ Bxf5 30. Bxf5 h4 31. Be4 Rg8+ 32. Rg2 Rf8 33. c3 Rd7
34. Kh2 Rf4 35. Kh3 b6 36. Rg4 Rxg4 37. Kxg4 Rd2 38. Rh1 Rxb2 39. Rxh4+ Kg7 40.
Rh7+ Kf8 41. Bc6 Re2 42. Kf5 Rf2+ 43. Ke6 1-0

[Event "Individual Absoluto FMA 2010 Fase Final"]
[Site "Madrid"]
[Date "2010.02.26"]
[Round "4.6"]
[White "Suarez Uriel, Adrian"]
[Black "Taboas Rodriguez, Daniel"]
[Result "0-1"]
[WhiteElo "2137"]
[BlackElo "2378"]
[PlyCount "66"]
[EventDate "2010.02.23"]
[EventType "tourn"]
[EventRounds "11"]
[EventCountry "ESP"]
[EventCategory "3"]
[SourceDate "2010.02.24"]

1. e4 e6 2. Qe2 Nf6 3. Nf3 d5 4. d3 Nc6 5. g3 dxe4 6. dxe4 e5 7. Bg2 Bc5 8. O-O
O-O 9. Be3 Qe7 10. Nbd2 Be6 11. c3 Rad8 12. Rfd1 Ng4 13. Bxc5 Qxc5 14. h3 Nf6
15. Bf1 a6 16. Nb3 Qb6 17. Qc2 h6 18. Nfd2 Na5 19. Nxa5 Qxa5 20. Kg2 Qc5 21. b3
Qc6 22. f3 Rd6 23. Bc4 Nh5 24. Bxe6 Rxe6 25. Nf1 Rg6 26. Kh2 Re8 27. c4 Ree6
28. Rd5 Ref6 29. Rxe5 Rg5 30. Rxg5 hxg5 31. Kg2 Rxf3 32. Qe2 Rxg3+ 33. Kh2 Nf4
0-1

[Event "Individual Absoluto FMA 2010 Fase Final"]
[Site "Madrid"]
[Date "2010.03.02"]
[Round "5.1"]
[White "Taboas Rodriguez, Daniel"]
[Black "Candela Perez, Jose"]
[Result "0-1"]
[WhiteElo "2378"]
[BlackElo "2416"]
[PlyCount "90"]
[EventDate "2010.02.23"]
[EventType "tourn"]
[EventRounds "11"]
[EventCountry "ESP"]
[EventCategory "3"]
[SourceDate "2010.02.24"]

1. d4 Nf6 2. c4 c5 3. e3 g6 4. Nf3 Bg7 5. Be2 O-O 6. O-O d6 7. Nc3 Bg4 8. h3
Bxf3 9. Bxf3 Qc8 10. b3 Nc6 11. d5 Ne5 12. Be2 Ne8 13. Bb2 Nc7 14. Qd2 a6 15.
e4 Nd7 16. a4 Bd4 17. Kh1 e5 18. dxe6 fxe6 19. f4 Qd8 20. Bf3 Qf6 21. e5 Qxf4
22. Qxf4 Rxf4 23. exd6 Ne8 24. Bxb7 Rxf1+ 25. Rxf1 Rb8 26. Bxa6 Rxb3 27. Bb5
Nef6 28. Ne4 Nxe4 29. Bxd4 Ng3+ 30. Kg1 Rxb5 31. cxb5 Nxf1 32. Bf2 Nd2 33. a5
Ne4 34. b6 Kf7 35. b7 Nb8 36. Be3 Ke8 37. Kf1 Kd7 38. Ke2 Kxd6 39. Kd3 Kd5 40.
Bf4 c4+ 41. Kc2 Nd6 42. Kc3 e5 43. Bg3 Nxb7 44. Kb4 Nc6+ 45. Kb5 Nbxa5 0-1

[Event "Individual Absoluto FMA 2010 Fase Final"]
[Site "Madrid"]
[Date "2010.03.02"]
[Round "5.2"]
[White "Ballesteros Gonzalez, David"]
[Black "Suarez Uriel, Adrian"]
[Result "0-1"]
[WhiteElo "2227"]
[BlackElo "2137"]
[PlyCount "102"]
[EventDate "2010.02.23"]
[EventType "tourn"]
[EventRounds "11"]
[EventCountry "ESP"]
[EventCategory "3"]
[SourceDate "2010.02.24"]

1. d4 Nf6 2. Nf3 g6 3. c4 Bg7 4. Nc3 d5 5. cxd5 Nxd5 6. e4 Nxc3 7. bxc3 c5 8.
Be3 Qa5 9. Qd2 Nc6 10. Rb1 a6 11. Bc4 O-O 12. Bd5 Rd8 13. O-O cxd4 14. cxd4
Qxd2 15. Bxd2 Nxd4 16. Nxd4 Bxd4 17. Bxb7 Rb8 18. Ba5 Rf8 19. Bd5 Be6 20. Rfd1
Rxb1 21. Rxb1 Bxd5 22. exd5 Rc8 23. a4 Rc2 24. Be1 Ra2 25. a5 Kg7 26. Kf1 Kf6
27. Rb7 Rb2 28. Rc7 Rb1 29. Ke2 Rb2+ 30. Kd3 Rb1 31. Bd2 Rd1 32. Ke2 Rb1 33.
Rc6+ Ke5 34. Rxa6 Rb2 35. Kd3 Kxd5 36. Ra8 Bxf2 37. Rd8+ Ke6 38. Rc8 Ra2 39.
Rc6+ Kd7 40. Rc4 e5 41. g4 f5 42. gxf5 gxf5 43. Bb4 e4+ 44. Kc3 e3 45. Kb3 Ra1
46. Rc2 f4 47. Bc3 Rb1+ 48. Ka4 f3 49. Bd4 Rd1 50. Bb6 Bg1 51. Rc7+ Kd6 0-1

[Event "Individual Absoluto FMA 2010 Fase Final"]
[Site "Madrid"]
[Date "2010.03.02"]
[Round "5.3"]
[White "Sanchez Gonzalez, Sergio"]
[Black "Ramirez Garcia, Jorge Alberto"]
[Result "1-0"]
[WhiteElo "2322"]
[BlackElo "2175"]
[PlyCount "49"]
[EventDate "2010.02.23"]
[EventType "tourn"]
[EventRounds "11"]
[EventCountry "ESP"]
[EventCategory "3"]
[SourceDate "2010.02.24"]

1. c4 e6 2. g3 d5 3. Bg2 Nf6 4. Nf3 dxc4 5. Qc2 Qd5 6. O-O Nc6 7. Nc3 Qc5 8. a3
e5 9. b4 cxb3 10. Qxb3 Be6 11. Qxb7 Rb8 12. Qa6 Rb6 13. Qa4 Be7 14. Nxe5 Qxe5
15. Bxc6+ Kf8 16. Qxa7 g5 17. Bg2 Ne8 18. a4 h5 19. a5 Rb3 20. Qe3 Qf5 21. a6
Bc5 22. Qe4 Ba7 23. Qxf5 Bxf5 24. Bd5 Rb6 25. Ba3+ 1-0

[Event "Individual Absoluto FMA 2010 Fase Final"]
[Site "Madrid"]
[Date "2010.03.02"]
[Round "5.4"]
[White "Elissalt Cardenas, Hector"]
[Black "Almagro Llanas, Pablo"]
[Result "1/2-1/2"]
[WhiteElo "2357"]
[BlackElo "2459"]
[PlyCount "68"]
[EventDate "2010.02.23"]
[EventType "tourn"]
[EventRounds "11"]
[EventCountry "ESP"]
[EventCategory "3"]
[SourceDate "2010.02.24"]

1. d4 d5 2. c4 c6 3. Nf3 Nf6 4. Nc3 dxc4 5. a4 Bf5 6. Ne5 Nbd7 7. Nxc4 Qc7 8.
g3 e5 9. dxe5 Nxe5 10. Bf4 Nfd7 11. Bg2 Rd8 12. Qc1 f6 13. O-O Be6 14. Nxe5
Nxe5 15. a5 a6 16. Ne4 Bb4 17. Nc5 Bd5 18. Bxe5 fxe5 19. Ra4 Bxc5 20. Qxc5 Bxg2
21. Kxg2 Rd5 22. Qc2 O-O 23. Rh4 g6 24. b4 Qf7 25. Qc3 Rfd8 26. Re4 Qc7 27. f4
Rd4 28. Qb3+ Qf7 29. Qxf7+ Kxf7 30. fxe5+ Ke7 31. Re3 Rxb4 32. e6 Rf8 33. Rd1
Rd8 34. Rf1 Rf8 1/2-1/2

[Event "Individual Absoluto FMA 2010 Fase Final"]
[Site "Madrid"]
[Date "2010.03.02"]
[Round "5.5"]
[White "Alcazar Jimenez, Jesus Alberto"]
[Black "Anton Guijarro, David"]
[Result "1/2-1/2"]
[WhiteElo "2249"]
[BlackElo "2302"]
[PlyCount "81"]
[EventDate "2010.02.23"]
[EventType "tourn"]
[EventRounds "11"]
[EventCountry "ESP"]
[EventCategory "3"]
[SourceDate "2010.02.24"]

1. e4 c5 2. Nf3 d6 3. d4 cxd4 4. Nxd4 Nf6 5. Bd3 g6 6. b3 Bg7 7. Bb2 O-O 8. O-O
Nc6 9. Nxc6 bxc6 10. c4 a5 11. Nc3 Nd7 12. Na4 Bxb2 13. Nxb2 Nc5 14. Re1 e5 15.
Bf1 f5 16. exf5 Bxf5 17. Nd3 Bxd3 18. Bxd3 Rf4 19. Bc2 Qf6 20. Rf1 Rd4 21. Qe1
Ne6 22. Qe3 Rf8 23. Rad1 Rxd1 24. Bxd1 Nd4 25. Qd2 Qd8 26. c5 dxc5 27. Qc3 Qb6
28. Qc4+ Kg7 29. Be2 Qb5 30. Bd3 Rf4 31. Qc3 Qb4 32. Rc1 e4 33. Bf1 Qxc3 34.
Rxc3 Rf5 35. Rc4 Rd5 36. Ra4 Nf5 37. Rxe4 Rd4 38. Re6 Rd6 39. Re5 Rd5 40. Re6
Rd6 41. Re5 1/2-1/2

[Event "Individual Absoluto FMA 2010 Fase Final"]
[Site "Madrid"]
[Date "2010.03.02"]
[Round "5.6"]
[White "Cabanas Jimenez, Andres"]
[Black "Moreno Ruiz, Javier"]
[Result "1/2-1/2"]
[WhiteElo "2174"]
[BlackElo "2455"]
[PlyCount "79"]
[EventDate "2010.02.23"]
[EventType "tourn"]
[EventRounds "11"]
[EventCountry "ESP"]
[EventCategory "3"]
[SourceDate "2010.02.24"]

1. e4 c5 2. Nf3 Nc6 3. d4 cxd4 4. Nxd4 g6 5. Nc3 Bg7 6. Be3 Nf6 7. Nxc6 bxc6 8.
e5 Ng8 9. f4 Nh6 10. Bd3 O-O 11. h3 d6 12. exd6 exd6 13. O-O Re8 14. Bf2 Nf5
15. Qd2 Rb8 16. Nd1 c5 17. c3 Qb6 18. Rb1 Qc6 19. Kh2 Bh6 20. Rg1 Ba6 21. c4
Bxc4 22. Bxc4 Qe4 23. Qd3 Qxf4+ 24. g3 Qg5 25. Nc3 Bg7 26. Qf3 Be5 27. Bd3 Nd4
28. Qg2 Ne6 29. Rge1 Kg7 30. Be3 Qd8 31. Nd5 Qa5 32. b3 Nd4 33. Rf1 f5 34. Qd2
Qxd2+ 35. Bxd2 Nc6 36. Rbe1 a5 37. Bc4 h6 38. Bc3 a4 39. Bd2 axb3 40. axb3
1/2-1/2

[Event "Individual Absoluto FMA 2010 Fase Final"]
[Site "Madrid"]
[Date "2010.03.03"]
[Round "6.1"]
[White "Candela Perez, Jose"]
[Black "Moreno Ruiz, Javier"]
[Result "0-1"]
[WhiteElo "2416"]
[BlackElo "2455"]
[PlyCount "80"]
[EventDate "2010.02.23"]
[EventType "tourn"]
[EventRounds "11"]
[EventCountry "ESP"]
[EventCategory "3"]
[SourceDate "2010.02.24"]

1. e4 c5 2. Nf3 g6 3. c4 Nc6 4. d4 cxd4 5. Nxd4 Bg7 6. Be3 Nf6 7. Nc3 O-O 8.
Be2 d6 9. O-O Bd7 10. Qd2 Nxd4 11. Bxd4 Bc6 12. f3 a5 13. b3 Nd7 14. Be3 Nc5
15. Rab1 e6 16. Rfd1 Be5 17. Bf1 Qe7 18. Ne2 Rfd8 19. Nf4 b6 20. Qf2 Rab8 21.
Nd3 Bg7 22. Rd2 Bxe4 23. fxe4 Nxe4 24. Qe1 Nxd2 25. Bxd2 d5 26. cxd5 Rxd5 27.
Nf4 Rd6 28. Bc4 Rbd8 29. Be3 Bd4 30. Bxd4 Rxd4 31. Ne2 Rd2 32. a4 Qc5+ 33. Kh1
Qe3 34. h3 Rc2 35. Qh4 Rdd2 36. Nf4 Rd4 37. Rf1 Rc1 38. g3 Rxf1+ 39. Bxf1 e5
40. Ng2 Qf2 0-1

[Event "Individual Absoluto FMA 2010 Fase Final"]
[Site "Madrid"]
[Date "2010.03.03"]
[Round "6.2"]
[White "Anton Guijarro, David"]
[Black "Cabanas Jimenez, Andres"]
[Result "1-0"]
[WhiteElo "2302"]
[BlackElo "2174"]
[PlyCount "93"]
[EventDate "2010.02.23"]
[EventType "tourn"]
[EventRounds "11"]
[EventCountry "ESP"]
[EventCategory "3"]
[SourceDate "2010.02.24"]

1. c4 Nf6 2. Nc3 d5 3. cxd5 Nxd5 4. g3 Nxc3 5. bxc3 g6 6. Bg2 Bg7 7. Rb1 c6 8.
Nf3 O-O 9. O-O Nd7 10. c4 e5 11. d3 Qc7 12. Qc2 Rd8 13. Ba3 Nf8 14. Rb3 Ne6 15.
e3 Rb8 16. Rd1 h6 17. Nd2 Ng5 18. h4 Nh7 19. Rdb1 Bf5 20. Ne4 Bxe4 21. Bxe4 Nf6
22. Bg2 b6 23. Bb4 Nd7 24. a4 Bf8 25. Bxf8 Kxf8 26. d4 exd4 27. exd4 Qd6 28. h5
Kg7 29. hxg6 fxg6 30. c5 bxc5 31. dxc5 Qc7 32. Qc3+ Kh7 33. Rxb8 Nxb8 34. Qf6
Rd7 35. Be4 Rg7 36. Qd6 Na6 37. Bxc6 Qc8 38. Rc1 Qf5 39. Bb5 Rf7 40. Qd4 Nc7
41. c6 Ne6 42. Qe3 Rc7 43. Re1 Ng5 44. Rd1 Nf7 45. Rd7 Rxd7 46. cxd7 Qf6 47.
Qxa7 1-0

[Event "Individual Absoluto FMA 2010 Fase Final"]
[Site "Madrid"]
[Date "2010.03.03"]
[Round "6.3"]
[White "Almagro Llanas, Pablo"]
[Black "Alcazar Jimenez, Jesus Alberto"]
[Result "1-0"]
[WhiteElo "2459"]
[BlackElo "2249"]
[PlyCount "125"]
[EventDate "2010.02.23"]
[EventType "tourn"]
[EventRounds "11"]
[EventCountry "ESP"]
[EventCategory "3"]
[SourceDate "2010.02.24"]

1. e4 e5 2. Nf3 Nc6 3. Bb5 a6 4. Ba4 Nf6 5. O-O b5 6. Bb3 Be7 7. Re1 O-O 8. c3
d5 9. exd5 Nxd5 10. Nxe5 Nxe5 11. Rxe5 c6 12. d3 Bd6 13. Re1 Qh4 14. g3 Qh3 15.
Re4 Nf6 16. Rh4 Qf5 17. Nd2 g5 18. Rh6 Ng4 19. Ne4 Nxh6 20. Nxd6 Qg6 21. Qd2
Qxd6 22. Qxg5+ Qg6 23. Qxg6+ hxg6 24. Bxh6 Re8 25. Be3 Bf5 26. d4 a5 27. Rc1
Be4 28. Bd1 f6 29. h4 Kg7 30. Kf1 Bd5 31. a3 Rab8 32. Ke1 b4 33. axb4 axb4 34.
c4 Be4 35. Kd2 Ra8 36. f3 Bf5 37. Bb3 Re7 38. g4 Rae8 39. Re1 Bd7 40. Bf2 Rxe1
41. Bxe1 g5 42. hxg5 fxg5 43. Bg3 Rf8 44. Ke3 Ra8 45. Bd6 Be8 46. Be7 Bf7 47.
Bxg5 Ra1 48. Bf4 Re1+ 49. Kd2 Rf1 50. Be5+ Kg8 51. Ke2 Rb1 52. d5 cxd5 53. cxd5
Kf8 54. Bc2 Rc1 55. Be4 Ke8 56. Ke3 b3 57. g5 Rc5 58. Kd4 Rc1 59. g6 Bg8 60. g7
Rd1+ 61. Kc5 Rc1+ 62. Kd6 Rg1 63. Bf5 1-0

[Event "Individual Absoluto FMA 2010 Fase Final"]
[Site "Madrid"]
[Date "2010.03.03"]
[Round "6.4"]
[White "Ramirez Garcia, Jorge Alberto"]
[Black "Elissalt Cardenas, Hector"]
[Result "1-0"]
[WhiteElo "2175"]
[BlackElo "2357"]
[PlyCount "57"]
[EventDate "2010.02.23"]
[EventType "tourn"]
[EventRounds "11"]
[EventCountry "ESP"]
[EventCategory "3"]
[SourceDate "2010.02.24"]

1. e4 g6 2. d4 Bg7 3. Nc3 d6 4. Be3 c6 5. a4 a5 6. h3 Na6 7. Nge2 Nb4 8. g3 Nf6
9. Bg2 O-O 10. O-O e5 11. f4 exf4 12. Nxf4 Re8 13. Qd2 Nd7 14. Nce2 Nb6 15. b3
c5 16. Rad1 c4 17. Nc3 Bd7 18. Qf2 Rc8 19. Rc1 Qe7 20. Kh2 h5 21. h4 Rf8 22. e5
dxe5 23. dxe5 Qxe5 24. Bxb6 Qxc3 25. Bxa5 Bc6 26. Ne2 Bxg2 27. Nxc3 Bxf1 28.
Bxb4 cxb3 29. Bxf8 1-0

[Event "Individual Absoluto FMA 2010 Fase Final"]
[Site "Madrid"]
[Date "2010.03.03"]
[Round "6.5"]
[White "Suarez Uriel, Adrian"]
[Black "Sanchez Gonzalez, Sergio"]
[Result "1/2-1/2"]
[WhiteElo "2137"]
[BlackElo "2322"]
[PlyCount "80"]
[EventDate "2010.02.23"]
[EventType "tourn"]
[EventRounds "11"]
[EventCountry "ESP"]
[EventCategory "3"]
[SourceDate "2010.02.24"]

1. e4 c5 2. Nf3 d6 3. d4 Nf6 4. Nc3 cxd4 5. Nxd4 e6 6. g4 h6 7. h3 a6 8. Be3 b5
9. Bg2 Bb7 10. Qe2 b4 11. Na4 Nbd7 12. Bd2 Nc5 13. Nxc5 dxc5 14. Nf5 Qc7 15.
Ng3 c4 16. O-O Be7 17. Be3 O-O 18. f4 c3 19. b3 Bc5 20. Rad1 Rfd8 21. Bxc5
Qxc5+ 22. Qf2 Qxf2+ 23. Kxf2 a5 24. Ke3 a4 25. Ne2 axb3 26. axb3 Nd7 27. Rd4
Nc5 28. Rfd1 Rxd4 29. Rxd4 Ra2 30. Rc4 Nxb3 31. Rxb4 Na5 32. Nd4 Ba6 33. Bf3
Nc4+ 34. Kd3 Ra3 35. Nb3 Nd2+ 36. Ke3 Nf1+ 37. Kd4 Nd2 38. Ke3 Nc4+ 39. Kd4 Nd2
40. Ke3 Nf1+ 1/2-1/2

[Event "Individual Absoluto FMA 2010 Fase Final"]
[Site "Madrid"]
[Date "2010.03.04"]
[Round "7.2"]
[White "Sanchez Gonzalez, Sergio"]
[Black "Taboas Rodriguez, Daniel"]
[Result "1/2-1/2"]
[WhiteElo "2322"]
[BlackElo "2378"]
[PlyCount "145"]
[EventDate "2010.02.23"]
[EventType "tourn"]
[EventRounds "11"]
[EventCountry "ESP"]
[EventCategory "3"]
[SourceDate "2010.02.24"]

1. Nc3 d5 2. e4 dxe4 3. Nxe4 Bf5 4. Ng3 Bg6 5. h4 h6 6. h5 Bh7 7. Bc4 Nf6 8. d3
e6 9. Bd2 Bd6 10. Qe2 Nc6 11. Nf3 Qe7 12. O-O-O O-O-O 13. Ne4 Bxe4 14. dxe4 Ne5
15. Nxe5 Bxe5 16. c3 Nd7 17. Be3 Kb8 18. f4 Bd6 19. Rd2 Bc5 20. Rhd1 Kc8 21. g4
Nb6 22. Bb3 Rxd2 23. Rxd2 Rd8 24. Rxd8+ Kxd8 25. Qd3+ Nd7 26. Bd2 Qh4 27. Bd1
Bf2 28. e5 Be1 29. Be3 Bf2 30. Qe2 Bxe3+ 31. Qxe3 Qh2 32. Bf3 Qg3 33. Kd2 b6
34. Be2 Qxe3+ 35. Kxe3 Ke7 36. b4 f6 37. exf6+ Nxf6 38. Bf3 Kd6 39. c4 e5 40.
g5 Nh7 41. gxh6 gxh6 42. Ke4 exf4 43. Kxf4 Ke6 44. Bg4+ Kf6 45. c5 bxc5 46.
bxc5 Ng5 47. c6 Nf7 48. Bf3 Ke6 49. Bg4+ Kf6 50. Bf3 Nd6 51. Bd5 Nf5 52. Ke4
Ng3+ 53. Kd4 Nxh5 54. Kc5 Nf4 55. Bh1 Ke5 56. Kb5 Nd5 57. a4 Nc3+ 58. Kb4 Kd4
59. Bf3 Kd3 60. Bh5 Kd4 61. Bf3 Nd5+ 62. Kb5 Nb6 63. a5 Nc4 64. Be2 Nd6+ 65.
Ka6 Kc5 66. Kxa7 Kxc6 67. Kb8 Nf7 68. a6 Ne5 69. a7 Nd7+ 70. Kc8 Nb6+ 71. Kb8
Nd7+ 72. Kc8 Nb6+ 73. Kb8 1/2-1/2

[Event "Individual Absoluto FMA 2010 Fase Final"]
[Site "Madrid"]
[Date "2010.03.04"]
[Round "7.3"]
[White "Elissalt Cardenas, Hector"]
[Black "Suarez Uriel, Adrian"]
[Result "0-1"]
[WhiteElo "2357"]
[BlackElo "2137"]
[PlyCount "78"]
[EventDate "2010.02.23"]
[EventType "tourn"]
[EventRounds "11"]
[EventCountry "ESP"]
[EventCategory "3"]
[SourceDate "2010.02.24"]

1. d4 Nf6 2. Nc3 d5 3. Bg5 Nbd7 4. e3 h6 5. Bh4 e6 6. f4 c5 7. Nf3 Qa5 8. Bxf6
Nxf6 9. Bb5+ Bd7 10. Bxd7+ Nxd7 11. O-O Be7 12. Ne2 O-O 13. c3 b5 14. a3 Qb6
15. g4 Qd8 16. Qe1 Nb6 17. Rf2 a5 18. Rg2 Nc4 19. Nc1 b4 20. h4 cxd4 21. exd4
bxa3 22. b3 Nd6 23. g5 Nf5 24. gxh6 Nxh6 25. Ng5 Rb8 26. Raa2 Qd6 27. Raf2 Bf6
28. Qd1 Rbc8 29. Na2 Qb6 30. h5 Rb8 31. Nc1 Rfc8 32. Qd3 Nf5 33. h6 g6 34. Qh3
Bxd4 35. h7+ Kg7 36. cxd4 Rxc1+ 37. Kh2 Qxb3 38. Nxe6+ Kh8 39. Rf3 Qd1 0-1

[Event "Individual Absoluto FMA 2010 Fase Final"]
[Site "Madrid"]
[Date "2010.03.04"]
[Round "7.4"]
[White "Alcazar Jimenez, Jesus Alberto"]
[Black "Ramirez Garcia, Jorge Alberto"]
[Result "1-0"]
[WhiteElo "2249"]
[BlackElo "2175"]
[PlyCount "91"]
[EventDate "2010.02.23"]
[EventType "tourn"]
[EventRounds "11"]
[EventCountry "ESP"]
[EventCategory "3"]
[SourceDate "2010.02.24"]

1. e4 e6 2. d4 d5 3. exd5 exd5 4. c4 Bb4+ 5. Nc3 Qe7+ 6. Be2 Bg4 7. f3 Be6 8.
cxd5 Bxd5 9. a3 Bxc3+ 10. bxc3 Bc4 11. Qa4+ b5 12. Qc2 Nf6 13. a4 c6 14. axb5
cxb5 15. Kf2 Qe6 16. Ba3 Nc6 17. Nh3 Qxe2+ 18. Qxe2+ Bxe2 19. Kxe2 Nd5 20. Kd3
Kd7 21. Rhb1 a6 22. c4 Nc7 23. Ng5 f5 24. Nf7 bxc4+ 25. Kxc4 Rhb8 26. Rxb8 Rxb8
27. Bc5 Rb2 28. Rc1 Rxg2 29. Bb6 Rxh2 30. Bxc7 Rh4 31. Bb6 Ke7 32. Ng5 Kf6 33.
f4 h6 34. Nf3 Rxf4 35. Kc5 Ne7 36. Ne5 Ke6 37. Bd8 Re4 38. Ra1 f4 39. Rxa6+ Kf5
40. Bxe7 Re3 41. Bf8 Rg3 42. Ra7 h5 43. Kd5 Kg5 44. Rxg7+ Kf5 45. Rf7+ Kg5 46.
Be7+ 1-0

[Event "Individual Absoluto FMA 2010 Fase Final"]
[Site "Madrid"]
[Date "2010.03.04"]
[Round "7.5"]
[White "Cabanas Jimenez, Andres"]
[Black "Almagro Llanas, Pablo"]
[Result "0-1"]
[WhiteElo "2174"]
[BlackElo "2459"]
[PlyCount "64"]
[EventDate "2010.02.23"]
[EventType "tourn"]
[EventRounds "11"]
[EventCountry "ESP"]
[EventCategory "3"]
[SourceDate "2010.02.24"]

1. e4 c6 2. d4 d5 3. f3 e6 4. Nc3 Qb6 5. Nge2 Nf6 6. Nf4 a6 7. Be2 Be7 8. Qd3
O-O 9. exd5 cxd5 10. Rb1 Nc6 11. Be3 Ne8 12. O-O Nd6 13. Na4 Qc7 14. Qd2 Nf5
15. Bf2 b5 16. g4 Nfxd4 17. Bxd4 Nxd4 18. Qxd4 bxa4 19. Nd3 Bd7 20. Rfc1 Rac8
21. Kh1 Bb5 22. Bf1 Bd6 23. Qf2 e5 24. c3 e4 25. Ne1 f5 26. gxf5 Bxf1 27. Qxf1
Rxf5 28. Qh3 Rcf8 29. Nc2 Qf7 30. Qg4 Rh5 31. Nd4 Rxh2+ 32. Kg1 exf3 0-1

[Event "Individual Absoluto FMA 2010 Fase Final"]
[Site "Madrid"]
[Date "2010.03.04"]
[Round "7.6"]
[White "Moreno Ruiz, Javier"]
[Black "Anton Guijarro, David"]
[Result "1-0"]
[WhiteElo "2455"]
[BlackElo "2302"]
[PlyCount "127"]
[EventDate "2010.02.23"]
[EventType "tourn"]
[EventRounds "11"]
[EventCountry "ESP"]
[EventCategory "3"]
[SourceDate "2010.02.24"]

1. c4 e5 2. g3 Nc6 3. Bg2 Bc5 4. Nc3 d6 5. e3 a6 6. Nge2 Ba7 7. b3 Nge7 8. Bb2
Bf5 9. d3 Qd7 10. h3 O-O 11. Qd2 Rab8 12. Rc1 h6 13. Nd5 Nd8 14. d4 c6 15. Ndc3
Qc7 16. O-O Ne6 17. d5 Nc5 18. e4 Bh7 19. b4 Nd7 20. c5 cxd5 21. exd5 Nf6 22.
Na4 Rfd8 23. Rfd1 Be4 24. Bxe4 Nxe4 25. Qe3 Qd7 26. Qxe4 Qxa4 27. cxd6 Ng6 28.
Nc3 Qd7 29. Qg4 Bd4 30. Qxd7 Rxd7 31. Na4 Bxb2 32. Nxb2 Rxd6 33. Nc4 Rd7 34.
Nb6 Rd6 35. Nc4 Rd7 36. Ne3 Ne7 37. Rc2 Rbd8 38. Rcd2 f6 39. Kg2 Kf7 40. Kf3
Rc8 41. Ke4 b5 42. Rd3 g6 43. Ra3 Rd6 44. g4 Rc7 45. Rdd3 Rc1 46. Rdc3 Rb1 47.
Rab3 Ra1 48. Rb2 Rh1 49. Rc7 Re1 50. Rd2 Ke8 51. Rdc2 Rd7 52. R7c5 Rb1 53. a3
Rh1 54. Rd2 Rd6 55. Rc7 Ra1 56. Rd3 Kd8 57. Ra7 Rc1 58. h4 Ke8 59. g5 hxg5 60.
hxg5 fxg5 61. Ra8+ Kf7 62. Kxe5 Rf6 63. Ra7 Rxf2 64. d6 1-0

[Event "Individual Absoluto FMA 2010 Fase Final"]
[Site "Madrid"]
[Date "2010.03.05"]
[Round "8.1"]
[White "Candela Perez, Jose"]
[Black "Anton Guijarro, David"]
[Result "0-1"]
[WhiteElo "2416"]
[BlackElo "2302"]
[PlyCount "106"]
[EventDate "2010.02.23"]
[EventType "tourn"]
[EventRounds "11"]
[EventCountry "ESP"]
[EventCategory "3"]
[SourceDate "2010.02.24"]

1. e4 c5 2. Nf3 e6 3. d4 cxd4 4. Nxd4 a6 5. Nc3 Qc7 6. g3 Bb4 7. Bd2 Nf6 8. Bg2
Nc6 9. Nb3 Be7 10. O-O d6 11. a4 b6 12. f4 Bb7 13. Kh1 O-O 14. g4 d5 15. e5 Nd7
16. Be3 g5 17. fxg5 Ndxe5 18. Bf4 Bd6 19. Nd4 Nc4 20. Bxd6 Qxd6 21. Nxc6 Bxc6
22. Qd4 Qc5 23. Qf6 Ne3 24. b4 Qxb4 25. Rf4 d4 26. Ne4 Nxg2 27. Kxg2 Qb2 28.
Re1 Qxc2+ 29. Kg3 Bxe4 30. Rexe4 d3 31. g6 hxg6 32. g5 Qc7 33. Kf2 Qd8 34. Qe5
Qe7 35. Ke1 Qc5 36. Qxc5 bxc5 37. Kd2 Rfd8 38. Rf3 Rab8 39. Rxd3 Rxd3+ 40. Kxd3
Rb4 41. Rxb4 cxb4 42. a5 f5 43. gxf6 Kf7 44. Kc4 Kxf6 45. Kxb4 e5 46. Kc5 e4
47. Kd4 Kf5 48. Ke3 g5 49. Kf2 Kf4 50. Ke2 e3 51. Ke1 Kf3 52. Kf1 e2+ 53. Ke1
g4 0-1